The joy of mathematics for class 6 / (Record no. 132797)
[ view plain ]
| 000 -LEADER | |
|---|---|
| fixed length control field | 00710nam a22002297a 4500 |
| 005 - DATE AND TIME OF LATEST TRANSACTION | |
| control field | 20170124110159.0 |
| 010 ## - LIBRARY OF CONGRESS CONTROL NUMBER | |
| LC control number | B-089261 |
| 020 ## - INTERNATIONAL STANDARD BOOK NUMBER | |
| Terms of availability | 85.90 |
| International Standard Book Number | 817170624X |
| 035 ## - SYSTEM CONTROL NUMBER | |
| System control number | B-089261 |
| 037 ## - SOURCE OF ACQUISITION | |
| Source of stock number/acquisition | Cen Lib/Ret |
| 040 ## - CATALOGING SOURCE | |
| Original cataloging agency | DPL |
| Language of cataloging | EN |
| 082 ## - DEWEY DECIMAL CLASSIFICATION NUMBER | |
| Classification number | 510 |
| Item number | CHH |
| 100 ## - MAIN ENTRY--PERSONAL NAME | |
| Personal name | Chhibber, S.N. |
| 9 (RLIN) | 35769 |
| 245 ## - TITLE STATEMENT | |
| Title | The joy of mathematics for class 6 / |
| Statement of responsibility, etc | by S.N.Chhibber [and] Edwin Flynn |
| 260 ## - PUBLICATION, DISTRIBUTION, ETC. (IMPRINT) | |
| Place of publication, distribution, etc | New Delhi |
| Name of publisher, distributor, etc | Frank Bros. & Co. |
| Date of publication, distribution, etc | 2002 |
| 270 ## - ADDRESS | |
| Address | 4675-A, Ansari Road, 21 Daryaganj |
| City | New Delhi |
| Postal code | 110002 |
| 300 ## - PHYSICAL DESCRIPTION | |
| Extent | 265p. : |
| Dimensions | 23cm(pbk) |
| Other physical details | ill. |
| 650 ## - SUBJECT ADDED ENTRY--TOPICAL TERM | |
| Topical term or geographic name as entry element | Algebra--class 6 |
| 9 (RLIN) | 35770 |
| 650 ## - SUBJECT ADDED ENTRY--TOPICAL TERM | |
| Topical term or geographic name as entry element | Geometry--mathematics |
| 9 (RLIN) | 35771 |
| 700 ## - ADDED ENTRY--PERSONAL NAME | |
| Personal name | Flynn, Edwin |
| 9 (RLIN) | 35772 |
| 942 ## - ADDED ENTRY ELEMENTS (KOHA) | |
| Source of classification or shelving scheme | Dewey Decimal Classification |
| Koha item type | English Books |
| Classification part | 510 |
| Call number suffix | CHH |
| Withdrawn status | Lost status | Damaged status | Not for loan | Home library | Current library | Date acquired | Source of acquisition | Cost, normal purchase price | Total Checkouts | Full call number | Barcode | Date last seen | Date checked out | Copy number | Cost, replacement price | Price effective from | Koha item type | Public note |
|---|---|---|---|---|---|---|---|---|---|---|---|---|---|---|---|---|---|---|
| Written off | Central Library | Central Library | 23/07/2015 | Cen Lib/Ret | 85.90 | 8 | 510 CHH | B-089261 | 22/12/2021 | 20/07/2018 | 1 | 85.90 | 23/07/2015 | English Books | Written off on approval by DLB (By Circulation); dtd 15-06-2023 |
